000 00328nam a22001097a 4500
008 230620b xxu||||| |||| 00| 0 eng d
082 _a320.3
_bIPU 1976
245 _aQui Legifere Dans Le Monde Moderne?
_bWho Legislates in the Modern World?
260 _aGeneva
_bInter-Parliamentary Union
_c1976
300 _a280p
942 _2ddc
_cBK
999 _c1531
_d1531